Vnější zadluženost Československa.

Oficiálny vládny scenár reformy ráta s nevyhnutnosťou používania zahraničných úverových zdrojov. V posledných rokoch dlhová služba predstavovala 20-24 perc. v priemere k exportu vo vymeniteľných menách. Charakteristika reformných zámerov vo vývoji vonkajšej zadlženosti, úverových zdrojov a stavu hru...

Description complète

Enregistré dans:
Détails bibliographiques
Auteur principal: Helísek, Mojmír
Format: Chapitre de livre
Langue:tchèque
Sujets:
Tags: Ajouter un tag
Pas de tags, Soyez le premier à ajouter un tag!

MARC

LEADER 00000naa a2200000 4500
001 r011088
005 20220831090810.3
041 0 |a cze 
044 |a [CS] 
245 1 0 |a Vnější zadluženost Československa.  |c M. Helísek 
520 |a Oficiálny vládny scenár reformy ráta s nevyhnutnosťou používania zahraničných úverových zdrojov. V posledných rokoch dlhová služba predstavovala 20-24 perc. v priemere k exportu vo vymeniteľných menách. Charakteristika reformných zámerov vo vývoji vonkajšej zadlženosti, úverových zdrojov a stavu hrubého dlhu. Rozbor makroekonomických dôsledkov zadlženosti. Perspektívy vývoja vonkajšieho dlhu vo vymeniteľných valutách. Názor preferujúci rozvoj exportných možností pred samotnými úvermi. 
610 2 0 |a ČSFR 
610 2 0 |a zadlženosť zahraničná 
610 2 0 |a reformy hospodárske 
610 2 0 |a 1990 
610 2 0 |a Medzinárodný menový fond 
610 2 0 |a vývoz 
610 2 0 |a účty bežné 
610 2 0 |a bilancia platobná 
610 2 0 |a úver zahraničný 
610 2 0 |a prognózy 
610 2 0 |a údaje štatistické 
610 2 0 |a konvertibilita 
610 2 0 |a pohyb kapitálu 
610 2 0 |a IBRD 
100 1 |a Helísek, Mojmír